English Football Champions Year by Year - Statistics

General Stats
  • This quiz has been taken 69 times
  • The average score is 78 of 125
Answer Stats
Season Champions % Correct
2011-12 Manchester City
100%
2013-14 Manchester City
100%
2017-18 Manchester City
100%
2018-19 Manchester City
100%
2020-21 Manchester City
100%
2021-22 Manchester City
100%
2022-23 Manchester City
100%
2023-24 Manchester City
100%
2006-07 Manchester United
100%
2007-08 Manchester United
100%
2010-11 Manchester United
100%
2012-13 Manchester United
100%
2003-04 Arsenal
96%
2005-06 Chelsea
96%
2009-10 Chelsea
96%
2014-15 Chelsea
96%
2016-17 Chelsea
96%
2015-16 Leicester City
96%
2019-20 Liverpool
96%
1999-00 Manchester United
96%
2000-01 Manchester United
96%
2002-03 Manchester United
96%
2008-09 Manchester United
96%
2001-02 Arsenal
93%
2004-05 Chelsea
93%
1992-93 Manchester United
93%
1993-94 Manchester United
93%
1995-96 Manchester United
93%
1996-97 Manchester United
93%
1998-99 Manchester United
93%
1997-98 Arsenal
89%
1994-95 Blackburn Rovers
86%
1991-92 Leeds United
82%
1989-90 Liverpool
82%
1990-91 Arsenal
79%
1987-88 Liverpool
79%
1982-83 Liverpool
75%
1983-84 Liverpool
75%
1985-86 Liverpool
75%
1988-89 Arsenal
71%
1984-85 Everton
71%
1986-87 Everton
71%
1976-77 Liverpool
71%
1978-79 Liverpool
71%
1979-80 Liverpool
71%
1981-82 Liverpool
71%
1980-81 Aston Villa
68%
1975-76 Liverpool
68%
1966-67 Manchester United
68%
1977-78 Nottingham Forest
68%
1972-73 Liverpool
64%
1960-61 Tottenham Hotspur
64%
1970-71 Arsenal
61%
1964-65 Manchester United
61%
1973-74 Leeds United
57%
1955-56 Manchester United
57%
1956-57 Manchester United
57%
1888-89 Preston North End
57%
1932-33 Arsenal
54%
1934-35 Arsenal
54%
1974-75 Derby County
54%
1969-70 Everton
54%
1968-69 Leeds United
54%
1967-68 Manchester City
54%
1951-52 Manchester United
54%
1889-90 Preston North End
54%
1957-58 Wolverhampton Wanderers
54%
1933-34 Arsenal
50%
1962-63 Everton
50%
1923-24 Huddersfield Town
50%
1961-62 Ipswich Town
50%
1963-64 Liverpool
50%
1965-66 Liverpool
50%
1958-59 Wolverhampton Wanderers
50%
1930-31 Arsenal
46%
1937-38 Arsenal
46%
1952-53 Arsenal
46%
1893-94 Aston Villa
46%
1954-55 Chelsea
46%
1927-28 Everton
46%
1924-25 Huddersfield Town
46%
1925-26 Huddersfield Town
46%
1904-05 Newcastle United
46%
1948-49 Portsmouth
46%
1949-50 Portsmouth
46%
1892-93 Sunderland
46%
1953-54 Wolverhampton Wanderers
46%
1947-48 Arsenal
43%
1895-96 Aston Villa
43%
1896-97 Aston Villa
43%
1898-99 Aston Villa
43%
1971-72 Derby County
43%
1890-91 Everton
43%
1900-01 Liverpool
43%
1946-47 Liverpool
43%
1907-08 Manchester United
43%
1910-11 Manchester United
43%
1906-07 Newcastle United
43%
1908-09 Newcastle United
43%
1926-27 Newcastle United
43%
1891-92 Sunderland
43%
1894-95 Sunderland
43%
1899-00 Aston Villa
39%
1959-60 Burnley
39%
1914-15 Everton
39%
1931-32 Everton
39%
1938-39 Everton
39%
1905-06 Liverpool
39%
1897-98 Sheffield United
39%
1935-36 Sunderland
39%
1950-51 Tottenham Hotspur
39%
1909-10 Aston Villa
36%
1911-12 Blackburn Rovers
36%
1921-22 Liverpool
36%
1922-23 Liverpool
36%
1929-30 Sheffield Wednesday
36%
1901-02 Sunderland
36%
1912-13 Sunderland
36%
1902-03 The Wednesday
36%
1903-04 The Wednesday
36%
1928-29 The Wednesday
36%
1913-14 Blackburn Rovers
32%
1936-37 Manchester City
32%
1919-20 West Bromwich Albion
32%
1920-21 Burnley
25%
No matching quizzes found
Score Distribution
Percent of People with Each Score
Percentile by Number Answered
Your Score History
You have not taken this quiz